UBT Library

Meeting the Needs of Students with Special Physical and Health Care Needs (Record no. 57855)

000 -LEADER
fixed length control field 00361nam a22001457a 4500
008 - FIXED-LENGTH DATA ELEMENTS--GENERAL INFORMATION
fixed length control field 210531b ||||| |||| 00| 0 eng d
020 ## - INTERNATIONAL STANDARD BOOK NUMBER
International Standard Book Number 2900132626018
041 ## - LANGUAGE CODE
Language code of text/sound track or separate title eng
080 ## - UNIVERSAL DECIMAL CLASSIFICATION NUMBER
Universal Decimal Classification number 610
082 ## - DEWEY DECIMAL CLASSIFICATION NUMBER
Classification number 610
100 ## - Rafti
Rafti 4
101 ## - Shkurtesa
Shkurtesa SHM
245 ## - TITLE STATEMENT
Title Meeting the Needs of Students with Special Physical and Health Care Needs
Statement of responsibility, etc Hill,J.L
942 ## - ADDED ENTRY ELEMENTS (KOHA)
Source of classification or shelving scheme
Item type Books
Holdings
Withdrawn status Lost status Source of classification or shelving scheme Damaged status Not for loan Collection code Permanent location Current location Shelving location Date acquired Total Checkouts Full call number Barcode Date last seen Price effective from Koha item type
          Koleksioni i përgjithshem UBT - Lipjan UBT - Lipjan Koleksioni i përgjithshem 05/31/2021   610 HIL 002-7003370 05/31/2021 05/31/2021 Books
          Koleksioni i përgjithshem UBT - Lipjan UBT - Lipjan   10/25/2022   610 HIL 002-800028700260332 10/25/2022 10/25/2022 Books
UBT Library © 2015-2024. All rights reserved University Education for Business and Technology